[Event "Naperville Bisguier Memorial"]
[Site "Naperville"]
[Date "2023.03.31"]
[Round "?"]
[White "Colas, Joshua"]
[Black "Carey, Aidan M"]
[Result "1-0"]
[WhiteElo "2342"]
[BlackElo "1915"]
[PlyCount "61"]
[EventDate "2023.03.29"]
[EventType "tourn"]
[EventRounds "9"]
[EventCountry "USA"]
[SourceTitle "EXT 2024"]
[Source "ChessBase"]
[SourceDate "2023.10.10"]
[SourceVersion "1"]
[SourceVersionDate "2023.10.10"]
[SourceQuality "1"]

1. b3 b6 2. e4 Bb7 3. Nc3 g6 4. Bb2 Bg7 5. d4 e6 6. Nf3 Ne7 7. Qd2 d6 8. 0-0-0 Nd7 9. Kb1 a6 10. a4 0-0 11. h4 h6 12. h5 g5 13. Be2 f5 14. exf5 Nxf5 15. Rhe1 Qf6 16. Bc4 d5 17. Bd3 Rae8 18. Ne5 Nxe5 19. dxe5 Qf7 20. Ba3 c5 21. a5 bxa5 22. Bxc5 Qc7 23. Na4 Bxe5 24. Bxf8 Kxf8 25. Qe2 Bf6 26. Bxf5 Bc6 27. Nc5 Bb5 28. Qxe6 Kg7 29. Qxe8 Bxe8 30. Ne6+ Kg8 31. Nxc7 1-0

[Event "Naperville Bisguier Memorial"]
[Site "Naperville"]
[Date "2023.03.30"]
[Round "?"]
[White "Carey, Aidan M"]
[Black "Kogen, Jonathan S"]
[Result "1-0"]
[WhiteElo "1915"]
[BlackElo "2200"]
[PlyCount "97"]
[EventDate "2023.03.29"]
[EventType "tourn"]
[EventRounds "9"]
[EventCountry "USA"]
[SourceTitle "EXT 2024"]
[Source "ChessBase"]
[SourceDate "2023.10.10"]
[SourceVersion "1"]
[SourceVersionDate "2023.10.10"]
[SourceQuality "1"]

1. g3 c5 2. Bg2 Nf6 3. e3 g6 4. Ne2 Bg7 5. d3 d5 6. Nd2 Nc6 7. b3 0-0 8. Bb2 e5 9. 0-0 Be6 10. h3 Qc7 11. a3 Rfe8 12. Kh2 Rad8 13. Rb1 h5 14. Nf3 Nh7 15. Qe1 a5 16. e4 d4 17. a4 f5 18. Nh4 Nf8 19. f4 exf4 20. exf5 fxg3+ 21. Qxg3 Qxg3+ 22. Nxg3 gxf5 23. Nxh5 Be5+ 24. Kh1 Nb4 25. Rf2 Bf7 26. Bf3 f4 27. Rg1+ Kh8 28. Bc1 Nd5 29. Bxd5 Bxd5+ 30. Kh2 f3+ 31. Bf4 Rd6 32. Nxf3 Bxf4+ 33. Nxf4 Bxf3 34. Rxf3 Re5 35. Rg4 Kh7 36. Rfg3 Rf5 37. Ng2 Rf7 38. Rg5 b6 39. Nh4 Rf2+ 40. Kg1 Rf7 41. Nf5 Rg6 42. Rh5+ Kg8 43. Rxg6+ Nxg6 44. Nh6+ Kg7 45. Nxf7 Kxf7 46. Rh7+ Ke6 47. Rb7 Nf4 48. Rxb6+ Kd5 49. h4 1-0